[Event "Maria Albulet Memorial 2017"]
[Site "Braila"]
[Date "2017.10.07"]
[Round "1"]
[White "Bulmaga, Irina"]
[Black "Aciu, Malina-Andreea"]
[Result "1-0"]
[WhiteElo "2423"]
[BlackElo "2006"]
[Annotator "TA"]
[PlyCount "53"]
[EventDate "2017.??.??"]
[EventCountry "ROU"]
[SourceTitle "playchess.com"]
[Source "ChessBase"]
[SourceQuality "1"]

{[%evp 25,53,0,8,7,7,12,2,2,27,33,40,45,91,122,105,105,166,131,69,29,39,30,165,87,88,38,29992,606,29992,29980]} 1. e4 c5 2. Nf3 d6 3. d4 cxd4 4. Nxd4 Nf6 5. Nc3 a6 6. f3 e6 7. Be3 b5 8. Qd2 Bb7 9. g4 Nfd7 10. O-O-O Nb6 11. a3 {B80: Sizilianisch (Scheveninger System)} N8d7 {[%cal Bb8d7,Bd7e5,Be5c4][%mdl 32]} 12. Kb1 Rc8 13. Rg1 Ne5 {LiveBook: 3 Partien} (13... h6 14. f4 Be7 15. h4 Nc4 16. Bxc4 Rxc4 {½-½ (26) Zidu,J (2588)-Blass,U (2602) ICCF email 2012}) 14. Qe1 Nec4 15. f4 Qc7 16. Bxc4 Nxc4 17. Rd3 $1 Be7 18. g5 O-O 19. Bc1 $146 g6 20. f5 {f6 ist eine echte Drohung.} exf5 (20... e5 $16 21. Nb3 Bd8) 21. exf5 $18 Rfe8 22. fxg6 fxg6 23. Qe6+ Kg7 (23... Kh8 $11 {und Schwarz ist OK.}) 24. Rh3 (24. Nd5 $1 $18 Bxd5 25. Qxd5) 24... Ne5 $16 25. Bf4 Qc5 $2 {[%mdl 8192] [#]} (25... Bf8 $14) 26. Rf1 (26. Nf5+ $142 $1 {[%mdl 512]} gxf5 {[#]} 27. Rxh7+ $1 {[%mdl 512]} Kxh7 28. g6+ Kg7 29. Bxe5+ Kh6 30. g7+ Bf6 31. Qxf6+ Kh7 32. g8=Q+ $1 {[%mdl 512]} Rxg8 33. Qh4#) 26... Nc6 {[#]} 27. Bxd6 $1 {[%mdl 512] Precision: Weiß = 56%, Schwarz = 29%.} 1-0

[Event "Maria Albulet Memorial 2017"]
[Site "Braila"]
[Date "2017.10.07"]
[Round "1"]
[White "Babiy, Olga"]
[Black "Didiliuc, Dariana-Gabriela"]
[Result "0-1"]
[WhiteElo "2317"]
[BlackElo "1779"]
[Annotator "ChessBase"]
[PlyCount "56"]
[EventDate "2017.??.??"]
[EventCountry "ROU"]
[SourceTitle "playchess.com"]
[Source "ChessBase"]
[SourceQuality "1"]
[TimeControl "40/5400+30:900+30"]

1. e4 {[%emt 0:00:00]} c5 {[%emt 0:00:05]} 2. Nf3 {[%emt 0:00:00]} Nc6 {[%emt 0:00:12]} 3. d4 {[%emt 0:00:00]} cxd4 {[%emt 0:00:11]} 4. Nxd4 {[%emt 0:00:00]} Nf6 {[%emt 0:00:15]} 5. Nc3 {[%emt 0:00:00]} e5 {[%emt 0:00:21]} 6. Ndb5 {[%emt 0:00:03]} d6 {[%emt 0:00:23]} 7. Bg5 {[%emt 0:00:10]} a6 {[%emt 0:00:20]} 8. Na3 {[%emt 0:00:06]} b5 {[%emt 0:00:15]} 9. Nd5 {[%emt 0:00:12]} Be7 {[%emt 0:00:36]} 10. Bxf6 {[%emt 0:00:10]} Bxf6 {[%emt 0:00:12]} 11. c3 {[%emt 0:00:09]} Ne7 {[%emt 0:00:31]} 12. Nxf6+ {[%emt 0:00:44]} gxf6 {[%emt 0:00:16]} 13. Be2 {[%emt 0:00:11]} Bb7 {[%emt 0:01:53]} 14. Bf3 {[%emt 0:00:08]} d5 {[%emt 0:03:29]} 15. exd5 {[%emt 0:00:26]} Bxd5 {[%emt 0:00:41]} 16. Nc2 {[%emt 0:00:20]} Qd6 {[%emt 0:25:25]} 17. Ne3 {[%emt 0:09:08]} Rd8 {[%emt 0:04:43]} 18. Nxd5 {[%emt 0:02:39]} Nxd5 {[%emt 0:00:18]} 19. Qc2 {[%emt 0:00:28]} Qe6 {[%emt 0:02:51]} 20. O-O-O {[%emt 0:06:52]} O-O {[%emt 0:05:58]} 21. Kb1 {[%emt 0:03:17]} f5 {[%emt 0:17:01]} 22. g4 {[%emt 0:02:36]} fxg4 {[%emt 0:06:43]} 23. Bxg4 {[%emt 0:00:36]} f5 {[%emt 0:00:59]} 24. Bh3 {[%emt 0:00:49]} e4 {[%emt 0:01:04]} 25. Rhg1+ {[%emt 0:01:04]} Kh8 {[%emt 0:00:25]} 26. Qd2 {[%emt 0:03:52]} Nb4 {[%emt 0:06:27]} 27. cxb4 {[%emt 0:13:11]} Rxd2 {[%emt 0:00:30]} 28. Rxd2 {[%emt 0:00:05]} Qh6 {[%emt 0:00:28]} 0-1

[Event "Maria Albulet Memorial 2017"]
[Site "Braila"]
[Date "2017.10.07"]
[Round "1"]
[White "Petrenko, Svetlana"]
[Black "Patru, Alexandra-Ioana"]
[Result "1-0"]
[WhiteElo "2140"]
[BlackElo "1623"]
[Annotator "TA"]
[PlyCount "129"]
[EventDate "2017.??.??"]
[EventCountry "ROU"]
[SourceTitle "playchess.com"]
[Source "ChessBase"]
[SourceQuality "1"]

{[%evp 28,129,64,31,33,29,81,78,68,71,72,64,83,79,80,69,48,0,0,0,4,-7,0,-22,99,110,135,145,152,150,154,150,227,214,213,199,223,212,210,215,207,210,212,215,229,217,218,223,220,216,276,198,285,271,245,257,301,234,242,242,254,251,247,241,272,251,280,268,364,347,491,479,517,509,492,451,694,689,693,685,697,690,664,594,570,567,665,663,704,704,790,665,748,733,711,711,1590,1515,1540,1544,1397,1485,1444,1454]} 1. e4 e5 2. Nf3 Nc6 3. Bb5 a6 4. Ba4 Nf6 5. O-O Be7 6. Re1 b5 7. Bb3 O-O 8. c3 Bb7 9. d4 d6 10. Nbd2 Re8 11. Ng5 Rf8 12. Nf1 h6 13. Nf3 Re8 14. Ng3 Bf8 15. a4 {LiveBook: 12 Partien. C91: Spanische Partie (Abweichungen von der Hauptvariante)} exd4 (15... Qd7 16. h3 Rad8 17. axb5 axb5 18. dxe5 Nxe5 19. Nxe5 Rxe5 20. Bf4 Ree8 21. Qf3 Nh7 22. Ra7 Bc6 23. Bd2 g6 24. Rea1 d5 25. exd5 Bxd5 26. Bxd5 Qxd5 27. Qxd5 Rxd5 {1-0 (47) Alekseenko,K (2580)-Ponkratov,P (2607) Khanty-Mansiysk 2016}) 16. cxd4 Na7 $146 (16... Na5 $11) ({Vorgänger:} 16... Na5 17. Bc2 Nc4 18. b3 Nb6 19. a5 Nbd7 20. Bb2 c5 21. e5 Nd5 22. Qd3 g6 {1-0 (32) Liu,E (2284)-Finegold,S (2093) ICC INT 2015}) 17. Bc2 $16 {Weiß steht besser.} c5 18. d5 g6 19. b3 Bg7 20. Ra2 Nc8 21. Bb2 Nb6 22. a5 Nbd7 23. Nd2 {[%cal Bf3d2,Bd2c4,Bc4e5][%mdl 32]} Rc8 24. Bd3 Ne5 25. Bf1 c4 (25... h5 $11 {bleibt in der Remisbreite.}) 26. Bxe5 dxe5 27. bxc4 bxc4 28. Nxc4 Bf8 29. Rb2 Rb8 (29... Rc7 $16 30. Qd3 Bc5) 30. Qb1 Ba8 31. Rxb8 Qxb8 32. Qxb8 Rxb8 33. Nxe5 Re8 34. Nd3 ({Nicht} 34. Bxa6 Rxe5 35. Rd1 Nxe4 $11) 34... h5 {beabsichtigt ...h4.} 35. f3 Bh6 36. Rd1 h4 37. Ne2 Be3+ 38. Kh1 g5 39. h3 Nd7 (39... Nh5 {ist wohl besser.} 40. Nb4 Bb7) 40. Nb4 $18 Bb7 41. Nd4 Nc5 42. Nf5 Bf4 43. d6 Rd8 44. Bc4 Kf8 45. Kg1 Be5 46. Kf1 Bc3 47. Nd3 Nd7 48. Rb1 Bc8 (48... Rb8 {kämpft weiter.} 49. Nh6 Bc6 50. Rxb8+ Nxb8 51. Nxf7 Bb5) 49. Ne7 {Weiß steht klar auf Gewinn.} Bf6 50. Nc6 Re8 51. Rb3 Bd8 (51... Bh8 $142 52. Kf2 Bf6) 52. e5 Kg7 53. Rb1 Kf8 54. Bd5 Kg7 55. Nxd8 Rxd8 56. Bb7 Kf8 57. Bxc8 Rxc8 {[%mdl 4096] Endspiel KTS-KTS} 58. Rb7 Ke8 59. Rc7 {[%cal Rc7c8] [#]} Rb8 60. Nc5 Nxc5 61. Rxc5 Kd7 62. Rc7+ Ke8 63. Re7+ Kf8 64. Ra7 Re8 65. Rxa6 {Precision: Weiß = 75%, Schwarz = 39%.} 1-0

[Event "Maria Albulet Memorial 2017"]
[Site "Braila"]
[Date "2017.10.07"]
[Round "1"]
[White "Makropoulou, Marina"]
[Black "Uzuneanu, Gabriela"]
[Result "1-0"]
[WhiteElo "2136"]
[BlackElo "1564"]
[Annotator "TA"]
[PlyCount "67"]
[EventDate "2017.??.??"]
[EventCountry "ROU"]
[SourceTitle "playchess.com"]
[Source "ChessBase"]
[SourceQuality "1"]

{[%evp 12,66,65,77,73,88,77,32,61,41,110,83,77,70,132,114,119,87,101,-6,170,174,157,177,357,327,703,664,851,798,966,597,1477,1386,1955,779,1569,1470,1731,403,29987,765,1877,964,891,247,604,456,1212,1073,1759,1636,29987,29988,29990,29991,29999]} 1. e4 c5 2. Nf3 Nc6 3. Bb5 g6 4. c3 Bg7 5. d4 cxd4 6. cxd4 e6 {B31: Sicilian: 2...Nc6 3 Bb5 g6} (6... Nf6 7. Nc3 d5 8. Ne5 O-O 9. Nxc6 bxc6 10. Bxc6 Rb8 11. e5 Ne4 12. O-O Nxc3 13. bxc3 Ba6 14. Re1 {1-0 (68) Mamedov,R (2650)-Li,C (2751) Huaian 2016}) 7. O-O {LiveBook: 3 Games} Nf6 8. Nc3 $146 ({Predecessor:} 8. d5 a6 9. Ba4 Qa5 10. Bxc6 {1-0 (10) Sosna,J (2370)-Vojkuvka,L (2045) Vsetin 1997}) 8... O-O {White is better.} 9. d5 exd5 10. exd5 {[%cal Be4d5,Bd5d6][%mdl 32]} Ne7 {[#]} (10... a6 $14) 11. d6 $1 $16 {[%cal Rd6e7]} Nf5 12. Bf4 $36 {[%mdl 2048] White is pushing.} Qb6 (12... Nh5 $14 13. Be5 f6) 13. Bd3 {Strongly threatening Bxf5.} Nd4 14. h3 Nh5 15. Bh2 (15. Nd5 $16 Qxb2 16. Ne7+ Kh8 17. Rb1 Qxa2 18. Bh2) 15... Nxf3+ $2 (15... Qxb2 $11 {and Black has nothing to worry.} 16. Nxd4 Qxc3) 16. Qxf3 $18 Qxb2 17. Nd5 {Threatens to win with Rab1.} Rb8 $2 (17... Be5 18. Bxe5 Qxe5) 18. Rab1 Qd4 $2 (18... Qd2 19. g4 Qg5) 19. Rb4 Qc5 20. Rc4 Qa5 21. g4 Qxa2 22. gxh5 b5 23. Rc7 (23. Ne7+ $142 Kh8 24. Rh4) 23... Kh8 {[#]} 24. h6 $1 Bxh6 25. Bb1 (25. Be5+ $142 f6 26. Bxf6+ Bg7 27. Bxg7+ Kxg7 28. Qe4) 25... Qa6 (25... Qb2 $18 26. Nf6 (26. Rxa7 Bb7 $18) 26... Bg7) 26. Nf6 (26. Qf6+ $142 Bg7 27. Be5 Rg8 28. Qe7 Bb7 29. Nf6 Bc6 30. Qxf7 Qa3 31. Nxd7 Qxh3 32. Rxc6) 26... Rb7 27. Ng4 Bg7 28. Rfc1 $2 (28. Be5 {Threatening mate with Qxf7!} f6 29. Rxc8 (29. Nxf6 Rxc7 30. dxc7 Bxf6 $15) 29... Rxc8 30. Bxf6 Qxd6 31. Qxb7) 28... Rb8 $2 (28... Rxc7 29. dxc7 Qe6) 29. Nf6 Rd8 (29... Qa1 $142 30. Nxd7 Bxd7 31. Rxd7 a5) 30. Be5 b4 31. Qf4 Qa3 32. Qh4 {[%csl Gf6][%cal Rh4h7] White mates.} h5 33. Nxh5 gxh5 34. Qxd8# {Precision: White = 48%, Black = 11%.} 1-0

[Event "Maria Albulet Memorial 2017"]
[Site "Braila"]
[Date "2017.10.07"]
[Round "1"]
[White "Djukic, Sandra"]
[Black "Coman, Ana-Cristina"]
[Result "1-0"]
[WhiteElo "2084"]
[BlackElo "1454"]
[Annotator "NA RC"]
[PlyCount "99"]
[EventDate "2017.??.??"]
[EventCountry "ROU"]
[SourceTitle "playchess.com"]
[Source "ChessBase"]
[SourceQuality "1"]
[TimeControl "40/5400+30:900+30"]

{[%evp 32,98,12,32767,32767,32767,-85,-56,-5,-15,0,-421,0,0,131,81,301,317,294,0,25,32767,32767,32767,0,0,103,92,238,32767,32767,254,365,32767,47,58,50,-14,0,-3,0,-62,-52,-82,0,0,0,-5,0,0,0,-2,0,0,0,0,51,32,63,45,109,104,477,516,492,531,29995,29996,29999]} 1. d4 {[%emt 0:00:00]} d5 {[%emt 0:00:26]} 2. c4 {[%emt 0:00:00]} e6 {[%emt 0:00:10]} 3. Nf3 {[%emt 0:00:00]} Nf6 {[%emt 0:00:16]} 4. Nc3 {[%emt 0:00:03]} c6 {[%emt 0:00:19]} 5. e3 {[%emt 0:00:32]} Nbd7 {[%emt 0:00:26]} 6. Qc2 {[%emt 0:00:56]} Bd6 {[%emt 0:00:56]} 7. b3 {[%emt 0:00:28]} O-O {[%emt 0:01:14]} 8. Bb2 {[%emt 0:00:05]} Re8 {[%emt 0:01:11]} 9. Be2 {[%emt 0:03:47]} e5 {[%emt 0:04:35] D45: Semi-Slav: 5 e3} (9... dxc4 10. Bxc4 b5 11. Be2 Bb7 12. O-O a6 13. a4 e5 14. Ne4 Nxe4 15. Qxe4 Nf6 16. Qh4 e4 17. Ne5 {1-0 (49) Kovalenko,I (2596)-Sveshnikov,E (2534) Riga 2013}) 10. cxd5 {[%emt 0:03:28]} cxd5 {[%emt 0:06:33]} 11. dxe5 {[%emt 0:03:59]} Nxe5 {[%emt 0:00:12]} 12. Rd1 {[%emt 0:06:34]} Be6 $146 {[%emt 0:09:41]} ({Predecessor:} 12... b6 13. O-O Bb7 14. Nb5 Rc8 15. Qf5 Nxf3+ 16. Bxf3 Rc5 17. Nxd6 Qxd6 18. Ba3 Bc8 19. Bxc5 bxc5 {1-0 (56) Gusarchuk,A (2098)-Krupko,M Anapa 2007}) 13. O-O {[%emt 0:06:58]} a6 {[%emt 0:05:34]} 14. Nd4 {[%emt 0:32:26]} Rc8 {[%emt 0:02:50]} 15. Qb1 {[%emt 0:03:20]} Qd7 {[%emt 0:01:46]} 16. Kh1 {[%emt 0:20:03]} Bb8 {[%emt 0:10:24]} 17. Rc1 {[%emt 0:14:20]} Qd6 {[%emt 0:02:07]} 18. g3 {[%emt 0:00:21]} Bh3 {[%emt 0:09:12]} 19. Rfe1 {[%emt 0:01:24]} Neg4 {[%emt 0:13:54]} (19... Ba7 $17) 20. Kg1 {[%emt 0:00:38]} g6 {[%emt 0:07:18]} 21. Nf3 $2 {[%emt 0:00:33] [#]} (21. Bf3 $11) 21... Qe7 $2 {[%emt 0:01:10]} ({Black should play} 21... Nxf2 $1 $19 {[%mdl 512]} 22. Nxd5 (22. Kxf2 Ng4+) 22... Nxd5 23. Rxc8 Rxc8 24. Kxf2 {[#]} Nxe3 $1 {[%mdl 512]}) 22. Bf1 {[%emt 0:00:28]} Nxf2 {[%emt 0:18:44]} (22... Bxf1 $11 {hält das Gleichgewicht.} 23. Rxf1 Ba7) 23. Kxf2 {[%emt 0:00:19]} Ng4+ {[%emt 0:00:06]} (23... Bf5 $16 {is a better defense.} 24. Bd3 Bh3) 24. Kg1 {[%emt 0:00:03]} Bxf1 {[%emt 0:00:19]} 25. Rxf1 $2 {[%emt 0:00:46]} (25. Nxd5 $18 Qe6 26. Rxc8 Rxc8 27. Qd1) 25... Nxe3 {[%emt 0:00:40]} 26. Rf2 {[%emt 0:00:51]} Ba7 {[%emt 0:00:58]} 27. Kh1 {[%emt 0:00:04]} Qd6 {[%emt 0:01:42]} 28. Qd3 {[%emt 0:01:00]} Ng4 {[%emt 0:00:52]} (28... d4 $11 {bleibt in der Remisbreite.}) 29. Re2 {[%emt 0:00:04]} Nf2+ $2 {[%emt 0:00:38]} (29... Rxe2 $1 $14 30. Qxe2 Nf2+ 31. Kg2 Qd7) 30. Rxf2 {[%emt 0:00:03]} Bxf2 {[%emt 0:00:01]} 31. Rf1 {[%emt 0:00:25]} ({Worse is} 31. Nxd5 Rxc1+ 32. Bxc1 Rd8 $15) ({Weaker is} 31. Qxd5 Qxd5 32. Nxd5 Rxc1+ 33. Bxc1 Re2 $11) 31... Ba7 {[%emt 0:01:08]} (31... Re3 $142 32. Qd1 (32. Qxd5 Qxd5 33. Nxd5 Re2 $16) 32... Rexc3 33. Bxc3 (33. Rxf2 Qc5 $16) 33... Rxc3) 32. Qxd5 {[%emt 0:01:03]} Qxd5 {[%emt 0:00:37]} (32... Rcd8 $1 $11 33. Qxd6 Rxd6) 33. Nxd5 {[%emt 0:00:05]} Re2 {[%emt 0:00:23]} 34. Bd4 {[%emt 0:01:22]} (34. Be5 $14 Rcc2 35. Rd1) 34... Bxd4 {[%emt 0:00:33]} 35. Nxd4 {[%emt 0:00:05]} Re5 {[%emt 0:00:28]} 36. Nb6 {[%emt 0:00:54]} ({White should try} 36. Nb4 $11) 36... Rd8 {[%emt 0:00:19]} 37. Nf3 {[%emt 0:00:22]} Rf5 {[%emt 0:00:36]} (37... Re2 $17 38. a4 Rb2) 38. Kg2 {[%emt 0:00:29]} Rd3 {[%emt 0:00:34]} 39. Nc4 {[%emt 0:00:27]} b5 {[%emt 0:00:32]} 40. Nce5 {[%emt 0:00:00]} Rc3 {[%emt 0:00:28]} 41. g4 {[%emt 0:07:10]} Rf4 {[%emt 0:05:06]} 42. g5 {[%emt 0:01:04]} Re4 {[%emt 0:01:31]} 43. Rf2 {[%emt 0:00:46]} Rc7 {[%emt 0:03:21]} 44. Rd2 {[%emt 0:02:40]} Re7 {[%emt 0:01:37]} 45. Rd5 {[%emt 0:00:06]} Re2+ {[%emt 0:00:39]} ({Black should try} 45... Kg7 $14) 46. Kg3 {[%emt 0:00:15]} Rxa2 $2 {[%emt 0:00:38] [#]} (46... Re8 $16 {is more resistant.}) 47. Rd8+ $1 {[%emt 0:02:58]} Kg7 {[%emt 0:00:42] [#]} 48. Ng4 $1 {[%emt 0:00:32]} Re6 {[%emt 0:02:52]} 49. Nh6 {[%emt 0:00:33]} Re3 {[%emt 0:03:07]} 50. Rg8# {[%emt 0:00:07]} 1-0

[Event "Maria Albulet Memorial 2017"]
[Site "Braila"]
[Date "2017.10.07"]
[Round "1"]
[White "Nastase, Andreea-Cristina"]
[Black "Doluhanova, Evgeniya"]
[Result "1/2-1/2"]
[WhiteElo "1989"]
[BlackElo "2328"]
[Annotator "TA"]
[PlyCount "130"]
[EventDate "2017.??.??"]
[EventCountry "ROU"]
[SourceTitle "playchess.com"]
[Source "ChessBase"]
[SourceQuality "1"]

{[%evp 21,130,-39,-33,-55,-53,-41,-22,-58,-43,-35,-32,-37,-35,-106,-38,-89,-91,-101,-101,-121,-118,-120,-88,-81,-85,-114,-77,-146,-145,-158,-154,-157,-155,-149,-140,-168,-149,-168,-166,-166,-129,-126,-66,-54,-37,-59,-50,-58,-33,-103,-31,-42,-18,-48,-91,-87,-51,-102,-22,-22,0,-85,-1,-1,0,-8,-8,-8,-8,-8,-8,-8,0,0,0,0,0,0,1074,0,0,0,0,0,0,0,0,0,0,0,0,0,0,0,0,0,0,0,0,0,0,0,0,0,0,0,0,0,0,0,0]} 1. d4 Nf6 2. c4 e6 3. Nc3 Bb4 4. e3 O-O 5. Nge2 {[%cal Bg1e2,Be2f4,Bf4d5][%mdl 32]} Re8 6. a3 Bf8 7. Nf4 {E46: Nimzo-Indian: Rubinstein: 4 e3 0-0 5 Ne2 without early Bd3} (7. g3 d5 8. cxd5 exd5 9. Bg2 a5 10. O-O Na6 11. Nf4 c6 12. f3 c5 13. Kh1 Nc7 14. g4 h6 15. Nce2 {0-1 (54) Nakamura,H (2787)-Carlsen,M (2853) chess.com INT 2016}) 7... d6 {[%cal Bd7d6,Bd6e5][%mdl 32]} 8. Be2 e5 9. dxe5 dxe5 10. Qxd8 Rxd8 11. Nfd5 Ne8 $1 {LiveBook: 4 Games} 12. e4 c6 13. Ne3 {[#]} Nd7 $146 ({Predecessor:} 13... Nc7 14. O-O Ne6 {0-1 (29) Moran,S (2180)-Petrov,N (2509) Novi Sad 2016}) 14. Na4 Nc5 15. Nxc5 Bxc5 16. Nc2 Be6 17. Be3 (17. f3 $15) 17... Bd4 (17... Be7 $1 $17 18. b3 Nd6) 18. O-O-O (18. Bxd4 $15 exd4 19. Bd3) 18... c5 $1 $17 19. Bxd4 cxd4 20. f4 f6 (20... exf4 $6 21. Nxd4 Nd6 22. e5 $11 (22. Nxe6 fxe6 23. Rd4 Nf7 $11)) 21. b3 Rac8 22. Kb2 Nd6 23. Bd3 a6 {[%cal Ba7a6,Ba6a5][%mdl 32]} 24. f5 (24. Nb4 $142) 24... Bf7 25. Nb4 a5 26. Nd5 Bxd5 $1 27. cxd5 Rc3 28. Rd2 Rdc8 29. a4 Kf7 30. g4 R8c5 31. h4 {[#]} b5 (31... Rxd3 $1 $17 {[%mdl 512]} 32. Rxd3 Nxe4) 32. axb5 $15 Nxb5 33. Ra1 Nd6 34. g5 Nb7 35. gxf6 (35. Bc4 $15) 35... gxf6 (35... Kxf6 $17 36. h5 Rc7) 36. h5 $1 Rc8 {White must now prevent ...Rb8.} 37. Ba6 Rb8 38. Bxb7 Rxb7 39. Rxa5 {[#]} Rcxb3+ $17 {[%mdl 4096] Endgame KRR-KRR} ({Much weaker is} 39... Rbxb3+ $6 40. Ka2 $11) (39... Kg7 $1 $17 {Strongly threatening ...Kh6.} 40. Ra6 Rcxb3+ 41. Ka2 Re3 42. Rg2+ Kh6 43. Rxf6+ Kxh5 44. Rh2+ Kg4) 40. Ka2 $1 $11 Rh3 41. Rc2 {[#]} (41. Ra6 $11 {keeps the balance.}) 41... Rxh5 ({Black should play} 41... Kg7 $1 $17 {White should prevent ...Kh6.} 42. Rac5 Kh6) 42. d6 Ke8 43. Ra8+ Kd7 {aiming for ...d3.} 44. Rf8 d3 45. Rd2 Rh3 46. Rxf6 Re3 47. Rf7+ Kc6 48. Rxb7 Kxb7 {KR-KR} 49. Kb3 Kc8 $2 {[%mdl 8192]} (49... Kc6 $11) 50. f6 $2 (50. Kc4 $18 {Kd5 is the strong threat.} Rxe4+ 51. Kd5 (51. Kxd3 Rd4+ 52. Ke3 Rxd2 $11)) 50... Rf3 {The position is equal.} ({But not} 50... Rxe4 $2 51. Rf2 $18) 51. Kc4 Kd7 52. f7 Rxf7 53. Rxd3 Rf6 54. Kc5 Rg6 55. Ra3 Rxd6 56. Ra7+ Ke6 57. Rxh7 {Intending Rh6+ and mate.} Rd4 58. Rh6+ Kf7 59. Rh1 Kf6 60. Rf1+ Kg6 61. Rg1+ Kh5 62. Rg8 Rxe4 63. Kd5 Re1 64. Re8 Rd1+ 65. Ke4 Re1+ {Precision: White = 68%, Black = 47%.} 1/2-1/2

[Event "Maria Albulet Memorial 2017"]
[Site "Braila"]
[Date "2017.10.07"]
[Round "1"]
[White "Popa, Catalina-Elena"]
[Black "Rakhmangulova, Anastasiya"]
[Result "0-1"]
[WhiteElo "1731"]
[BlackElo "2242"]
[Annotator "TA"]
[PlyCount "44"]
[EventDate "2017.??.??"]
[EventCountry "ROU"]
[SourceTitle "playchess.com"]
[Source "ChessBase"]
[SourceQuality "1"]

{[%evp 13,44,-5,0,-8,0,0,72,0,0,-10,0,0,-3,0,-17,-18,-19,-97,-80,-139,-131,-310,-191,-585,-582,-951,-926,-806,-771,-1993,-1575,-29987,-2746]} 1. e4 c5 2. Nf3 e6 3. d4 cxd4 4. Nxd4 Nf6 5. Nc3 Nc6 6. f4 Bb4 {B45: Sicilian Four Knights} 7. Nxc6 bxc6 {LiveBook: 3 Games} 8. Bd3 $1 d5 {...dxe4 is the strong threat.The position is equal.} 9. e5 d4 (9... Nd7 $11) 10. Bd2 $146 ({Better is} 10. a3 $16 dxc3 11. axb4 cxb2 12. Bxb2) ({Predecessor:} 10. a3 dxc3 11. axb4 cxb2 12. Bxb2 Nd5 13. Qg4 O-O 14. Ra3 {0-1 (28) Livecchi,D-Povah,N (2370) Santa Flavia 1997}) 10... dxc3 $11 11. bxc3 Bc5 {[#] Hoping for ...Nd7.} 12. exf6 Qxf6 13. Qf3 Bd7 14. Rb1 g6 15. Be4 (15. h4 $11 {remains equal.}) 15... O-O $17 16. c4 (16. Rf1 $142) 16... e5 {[%cal Be6e5,Be5f4][%mdl 32] aiming for ...exf4.} 17. Rb7 $2 {[#]} (17. Be3 $17 {was worth a try.} Bg4 18. Qf2 exf4 19. O-O) 17... Rab8 18. Rb3 $2 (18. Rxd7 {was the crucial defense.} Rb1+ 19. Ke2 Rxh1 20. f5) 18... exf4 $19 19. Ke2 Rbe8 20. Bc3 Qe7 21. Kd3 Bf5 22. Re1 Qd7+ {Precision: White = 20%, Black = 59%.} (22... Qd6+ $142 23. Ke2 Bxe4 24. Kf1 Bxf3 25. gxf3 Rxe1+ 26. Bxe1 Qd4 27. Kg2 Qg1+ 28. Kh3 Qxe1 29. a3 Qf2 30. Rc3 Be7 31. Rb3 f5 32. Rd3 Qf1#) 0-1

[Event "Maria Albulet Memorial 2017"]
[Site "Braila"]
[Date "2017.10.07"]
[Round "1"]
[White "Andres, Marina-Corina"]
[Black "Miladinovic, Lena"]
[Result "0-1"]
[WhiteElo "1581"]
[BlackElo "2138"]
[Annotator "TA"]
[PlyCount "82"]
[EventDate "2017.??.??"]
[EventCountry "ROU"]
[SourceTitle "playchess.com"]
[Source "ChessBase"]
[SourceQuality "1"]

{[%evp 14,82,-4,-8,16,14,10,-6,0,-2,3,-13,0,-5,0,-66,-48,-90,-31,-84,-57,-70,-54,-99,-105,-103,-96,-116,-100,-119,-106,-97,-63,-81,-58,-71,-31,-39,-37,-41,-37,-52,-54,-569,-533,-488,-460,-1029,-882,-852,-843,-857,-859,-784,-854,-917,-916,-647,-378,-359,-370,-362,-353,-579,-578,-29995,-29996,-29996,-29997,-29997,-29998]} 1. e4 c5 2. Nc3 Nc6 3. g3 g6 4. Bg2 Bg7 5. f4 d6 6. Nf3 e6 7. O-O Nge7 8. Ne2 Qb6 {B23: Closed Sicilian: Lines without g3} (8... O-O 9. c3 f5 10. d3 b6 11. Be3 Qd7 12. h3 Bb7 13. a3 Rae8 14. Qa4 Ne5 15. Qxd7 Nxd7 16. Ng5 Nc8 17. Rfe1 h6 18. Nf3 c4 19. dxc4 Bxe4 {½-½ (51) Ivanchuk,V (2710)-Gelfand,B (2685) Munich 1994}) 9. c3 O-O 10. Kh1 e5 {The position is equal.} 11. d3 f5 12. Nd2 $146 ({Predecessor:} 12. Qc2 Kh8 13. Be3 Be6 14. b4 Qa6 15. Ng5 Bg8 16. bxc5 d5 17. exd5 Nxd5 {½-½ (36) Kiss,B (2111)-Isepy,T (2125) Hungary 2004}) 12... Qc7 13. exf5 Bxf5 14. Nf3 (14. fxe5 $11 Nxe5 15. Nc4) 14... Rad8 15. Neg1 {[%cal Be2g1,Bg1f3,Bf3h4][%mdl 32]} Kh8 (15... Qd7 $17) 16. Bh3 (16. Nh4 $15) 16... Qc8 17. Bxf5 Qxf5 18. Ng5 h6 19. Ne4 b6 20. Nf3 d5 21. Nh4 Qe6 22. Nf2 exf4 23. gxf4 d4 24. c4 $1 Nf5 25. Nxf5 gxf5 26. Re1 Qf7 $36 {[%mdl 2048] Black has the initiative.} 27. Bd2 Nb4 28. a3 $2 {[%mdl 8192] [#]} ({Better is} 28. Rg1 $15) 28... Qb7+ $19 29. Kg1 Rg8 30. Bxb4 (30. Kf1 $142 Nxd3 31. Qh5 Nxe1 32. Rxe1) 30... Bf6+ (30... cxb4 $2 31. Kf1 $17) 31. Kf1 Qg2+ 32. Ke2 Rde8+ 33. Kd2 Qxf2+ 34. Re2 Rxe2+ 35. Qxe2 Qxe2+ 36. Kxe2 cxb4 37. axb4 {KRB-KR} Rg2+ 38. Kf3 $2 {[#]} (38. Kf1 {is the only way for White.} Rxb2 39. Rxa7) 38... Rxb2 39. Rxa7 Bh4 {[%csl Gh4][%cal Rb2f2] Black mates.} 40. Ra8+ Kg7 {[%csl Gh4][%cal Rb2f2]} 41. Ra7+ Kg6 {Precision: White = 23%, Black = 37%.} 0-1